01347nam a2200217 i 4500003000900000005001700009007000300026008004100029040003000070082001400100100004700114245014000161250002200301264004900323300005400372336002700426337003300453338002800486500013900514500047600653DO-SdBNP20250612152103.0ta231102e2008 rd ac||| |||| 00| 0 spa d aDO-SdBNPbspacBNPHUerda 4222bP592p1 aPichardo Cruz, Daniel Nicanoreautor4aut.10aLectura de la Patria:bescolaridad, estudios y viajes de Juan Pablo Duarte, fundador de la República. /cDaniel Nicanor Pichardo Cruz aPrimera edición 1aSanto Domingo :bInstituto Duartiano,c2008. a11 páginas :bIlustraciones, retratos ;c22 cm. 2rdacontentatextobtxt 2rdamediaasin mediaciónbn 2rdacarrieravolumenbnc aEn la contracubierta encontramos foto de Lápida de mármol que se colocó en la Capilla de los inmortales ante la tumba de Duarte. a"Regreso de Duarte a la Patria Libre" Óleo: El día feliz en la vida de Duarte. (15 de marzo de 1844), por Enrique García Godoy, año 1944, (Pieza museográfica que se encuentra en el Museo Casa Duarte). Duarte regresa de Curazao en la goleta Leonor, que lleva enhiesta en lo alto de su mástil la bandera dominicana, la cual por primera vez surca en el mar.La comanda el Almirante Juan Alejandro Acosta. El piloto fue el experimentado marino Juan Luis Duquela.